Даты ИстРоса #15: 1894-1916 - Statistics

General Stats
  • This quiz has been taken 6 times
    5 since last reset
  • The average score is 31 of 54
Answer Stats
Событие Ответ % Correct
Правление Николая II 1894-1917
100%
Русско-японская 1904-1905
100%
Первая мировая война 1914-1918
100%
Издание манифеста, ставшегоитогом Первой русской революции (день, месяц, год 00.00.1900) 17.10.1905
80%
Коронация Николая II 1896
80%
Первая перепись населения в РИ 1897
80%
Первый съезд РСДРП 1898
80%
Первая мирная конференция в Гааге 1899
80%
Второй съезд РСДРП 1903
80%
Убийство Плеве 1904
80%
Убийство генерал-губернатораМосквы великого князя Сергея Александровича 1905
80%
Восстание на броненосце "Потемкин" 1905
80%
Портсмутский мир 1905
80%
Убийство Столыпина 1911
80%
Убийство Франца Фердинанда 1914
80%
Восточно-Прусская операция 1914
80%
Самоубийство генерала Самсонова 1914
80%
Вступление Болгарии, Италии и Японии в ПВМ 1915
80%
Битва на Ипре 1915
80%
Оставление Варшавы русскими войсками 1915
80%
Горлицкий прорыв 1915
80%
Вступление Румынии в войну 1916
80%
Убийство Распутина 1916
80%
Брусиловский прорыв 1916
80%
Битва на Сомме 1916
80%
Верденское сражение 1916
80%
Вступление Российской империив Первую мировую войну (день, месяц, год 00.00.1900) 01.08.1914
60%
Кишиневский погром 1903
60%
1-ая Государственная дума 1906
60%
Начало аграрной реформы 1906
60%
2-ая Государственная дума 1907
60%
Третьиюньский переворот 1907
60%
Марнское сражение 1914
60%
Переименование Санкт-Петербурга в Петроград 1915
60%
Начало денежной реформы Витте 1895
40%
Убийство Боголепова 1901
40%
Убийство Сипягина 1902
40%
Вторая мирная конференция в Гааге 1907
40%
3-ая Государственная дума 1907-1912
40%
Расстрел рабочих Ленских золотых приисков 1912
40%
Балканские войны 1912-1913
40%
4-ая Государственная дума 1912-1917
40%
Судебный процесс по делу Бейлиса 1913
40%
Создание Прогрессивного блока в Думе 1915
40%
Речь Милюкова "Глупость или измена"в Госдуме 1916
40%
Цусимское сражение (месяц, год) май 1905
20%
Вступление Османской империи в войну(месяц, год) ноябрь 1914
20%
Подавление Боксерского восстания 1899-1901
0%
Битва под Лаояном (месяц, год) август 1904
0%
Битва на реке Шахэ (месяц, год) сентябрь 1904
0%
Мукденское сражение (месяц, год) февраль 1905
0%
Вооруженное восстание в Москве(месяц, год) Декабрь 1905
0%
Русско-английское соглашение о разграничении сфер влияния в Средней Азии 1907
0%
Боснийский кризис 1908-1909
0%
No matching quizzes found
Score Distribution
Percent of People with Each Score
Percentile by Number Answered
Your Score History
You have not taken this quiz since the last reset